| 000 | 00395nam a2200133Ia 4500 | ||
|---|---|---|---|
| 008 | 210210b1988 xxu||||| |||| 00| 0 eng d | ||
| 082 | _a305.43 BHAS | ||
| 100 | _aBHATT (ER). | ||
| 245 | _aShramshakli: report of the national commission on self employed women and in the informal sector. | ||
| 260 |
_aND _bSole distributor. _c1988 |
||
| 300 | _a370p | ||
| 690 | _aWomen Studies | ||
| 906 | _a043913 | ||
| 999 |
_c93512 _d93512 |
||